000 00910nam a22001817a 4500
999 _c59851
_d59851
003 Ge_BSU
005 20230428152136.0
008 230428s1974 ge ||||| |||| 00| 0 geo d
041 _ageo
080 _a726:27-523.4(=353.1)(470) პ-14
100 _aპაიჭაძე, გ.
_91628
245 _aქართული ისტორიული ძეგლები ქალაქ ასტრახანში /
_c გ. პაიჭაძე, ვ. ჯაფარიძე ; საქართველოს საისტორიო საზ-ბა.
264 _aთბილისი :
_b[მეცნიერება],
_c1974.
300 _a55 გვ. :
_b7 ფ. ილ.
_c22 სმ.
653 _aქართული ეკლესია-მონასტრები რუსეთში
700 _aჯაფარიძე, ვ.,
_eავტორი
_917858
942 _2udc
_cBK